01406nam a2200289 4500001000400000003000400004005001700008008004100025020001800066040000800084041000800092082001900100100003100119245003800150260003200188300001100220490003000231520071300261650002600974650000901000650001501009650002001024650001401044655001201058655001601070830003001086352OSt20250528074018.0250401b |||||||e |||| 00| 1 eng d a9788574024905 bpor hpor aB869.93bF676c1 aFonseca, Rubem,d1925-2020 aO caso Morel / cFonseca, Rubem ; aSão PaulobO globo c2003 a189 p.1 aBiblioteca Folhavvol. 07 a"Suspeito que o universo não é apenas mais estranho do que supomos: é mais estranho do que somos capazes de supor." Fiel a essa máxima, O caso Morel não é apenas um ótimo entretenimento, um livro que arrebata o leitor da primeira à última linha. É, antes de tudo, uma das mais inquietantes reflexões sobre o sentido moral da arte. Com a maestria que lhe é característica, Rubem Fonseca criou aqui um círculo de personagens inesquecíveis, da prostituta desamparada à grã-fina em busca de aventuras, passando pelo carismático Paul Morel, figura emblemática de um artista capaz de levar ao extremo da corrosão e da fúria sua inquietação frente à arte e ao mundo. 0aLiteratura Brasileira 0aArte 0aPolêmica 0aAmor e Paixão 0aErótico 0aRomance 0aFicção  aBiblioteca Folhavvol. 07